| 000 | 01122nmm a2200325 a 4500 | ||
|---|---|---|---|
| 001 | ocm000604983 | ||
| 003 | TR-IsHL | ||
| 005 | 20201028131638.0 | ||
| 008 | 131028s2008 tu tur | ||
| 007 | cr cn | ||
| 020 | _a9789944716314 | ||
| 035 |
_a604983 _b(N$T) |
||
| 050 | 0 | 4 |
_aHG2040.5.T9 _bE75 2008 |
| 090 | 0 | 4 |
_aHG2040.5.T9 _bE75 2008 |
| 100 | 1 | _aEriş, M. Hayati | |
| 245 | 1 | 0 |
_aBireysel krediler kapsamında ipotekli konut kredileri ve işlevsellik koşulları _h[electronic resource] / _cM. Hayati Eriş |
| 250 | _a1. bs. | ||
| 260 |
_aİstanbul : _bArıkan Basım Yayım Dağıtım, _c2008 |
||
| 300 | _a176 p. | ||
| 650 | 4 | _aHukuk | |
| 650 | 4 | _aLaw | |
| 650 | 0 |
_aKonut _x Maliye _x Türkiye |
|
| 650 | 0 |
_aHousing _x Finance _x Turkey |
|
| 650 | 0 |
_aİpotek borçları _x Türkiye |
|
| 650 | 0 |
_aMortgage loans _x Turkey |
|
| 650 | 0 |
_aGayrimenkul ticareti _x Türkiye |
|
| 650 | 0 |
_aReal estate business _x Turkey |
|
| 650 | 7 |
_aBUSINESS & ECONOMICS / Real Estate / Mortgages _2bisacsh |
|
| 856 | 4 | 0 | _uhttp://search.ebscohost.com/login.aspx?direct=true&scope=site&db=e011xww&AN=604983 |
| 999 |
_c4674 _d4674 |
||